000 01271nam a22001937a 4500
003 JO-AjAnu
005 20231211115630.0
008 231211b jo ||||| |||| 00| 0 ara d
040 _aJO-AjAnu
_baraara
_cJO-AjAnu
041 _aara
100 1 _aالصمادي، هناء نصري رشدي
_964937
_eمعد
245 _aاثر حاضنات الاعمال في تحسين انتاجية المشاريع الصغيرة في محافظة عجلون التوجهات الريادية : كمتغير معدل = The impact of Business Incubators in the productivity Improving of Small Enterprises at Ajloun Governorate Entrepreneurial Orientations : as a the Moderating Variable /
_cاعداد هناء نصري رشدي الصمادي ؛ اشراف نضال فواز حسين القضاة
260 _aعجلون، الاردن :
_bجامعة عجلون الوطنية،
_c2023
300 _a127 ورقة
504 _a رسالة جامعية (ماجستير) .- جامعة عجلون الوطنية (عجلون، الأردن)، كلية ادارة الاعمال، قسم الاعمال، 2023.
650 7 0 _aالمشروعات الصغيرة - ادارة
_964936
700 1 _aالقضاة، نضال فواز حسين
_964939
_eمشرف
942 _2lcc
_cTHS
_n0
999 _c33279
_d33279